Missing Word: Scary Movies Quiz Stats

Quiz Updated Mar 11, 2016

Also try: Movie Pie Charts
Challenge
Share
Tweet
Embed
Score 0/20 Timer 02:00
1 Play Today
Horror Movie Missing Word % Correct
Nightmare on ___ StreetElm
99.2%
___ the 13thFriday
97.3%
The Texas ___ MassacreChainsaw
96.3%
Night of the ___ DeadLiving
93.7%
Paranormal ___Activity
92.2%
Shaun of the ___Dead
91.3%
___ CreepersJeepers
90%
The ___ Witch ProjectBlair
89.7%
I Know What You Did Last ___Summer
87.8%
The Amityville ___Horror
85.2%
Horror Movie Missing Word % Correct
The ___ Have EyesHills
83.1%
___ of the CornChildren
82.1%
Rosemary's ___Baby
73.3%
Invasion of the Body ___Snatchers
72.8%
The Wicker ___Man
61.6%
The House on ___ HillHaunted
53.9%
___ 9 from Outer SpacePlan
27.6%
The House on ___ RowSorority
15.1%
The ___ of Dr. Caligari Cabinet
13.1%
In the ___ of MadnessMouth
11.7%

Today's Daily Dose

Missing Word
Actress of Thrones

Word Ladder
Black Phrases

Quick Pick
'B' Beverages

On This Day
February 21st II

You're not logged in!

Compare scores with friends on all Sporcle quizzes.
Sign Up with Email
OR
Log In

You Might Also Like...

Show Comments

Extras

Top Quizzes Today


Score Distribution

Your Account Isn't Verified!

In order to create a playlist on Sporcle, you need to verify the email address you used during registration. Go to your Sporcle Settings to finish the process.